000 00637nam a22001697a 4500
999 _c18492
_d18492
008 231123b ||||| |||| 00| 0 eng d
020 _a9781398606975
082 _22023
_aDC 352.384
_bC677
100 _aColeman, Amanda.
_950131
245 _aEveryday communication strategies :
_bmanage common issues to prevent a crisis and protect your brand /
_cAmanda Coleman.
260 _aGreat Britain :
_bKogan page limited,
_c©2023.
300 _axv, 244 pages :
_billustrations ;
_c23 cm.
500 _aIncludes Index.
650 _aCommunication in management.
_950253
650 _aBranding (Marketing)
_xManagement.
_91243
942 _2ddc
_cDC